Normal view
MARC view
- LYNCH, James John.
Entry Personal Name
001 - CONTROL NUMBER
- control field: 6377
003 - CONTROL NUMBER IDENTIFIER
- control field: OSt
005 - DATE AND TIME OF LATEST TRANSACTION
- control field: 20170519104838.0
008 - FIXED-LENGTH DATA ELEMENTS
- fixed length control field: 170519|| aca||aabn | a|a d
040 ## - CATALOGING SOURCE
- Original cataloging agency: OSt
- Transcribing agency: OSt
100 ## - HEADING--PERSONAL NAME
- Personal name: LYNCH, James John.
670 ## - SOURCE DATA FOUND
- Source citation: Work cat.: (OSt): LYNCH, James John., Making manpower effective (Part 1), 1968

PORTAL AKMAL
E-MEL JKDM
AKMAL2U
G-BAM
u-PUSTAKA